00955nam a2200265 4500003000400000005001700004008004100021040001800062050002100080100003200101245009700133264003600230300002500266336002200291337002400313338002400337500002800361610004000389650005700429700002400486710002800510942001100538999001700549952012300566OSt20260601193401.0260421b1978 xxua|||| |||| 00| 0 eng d aICIbspacICI aNK1535.P39b L58 1aJohn and Arvil Blake935012 0aLiving by design / cThe partners of pentagram, theo crosby... y otros.! ; editor Peter gorb bLund humphries,c1978aLondon : a300 páginasc21cm. atexto2rdacontent asin medio2rdamedia avolumen2rdacarrier aUn Libro Extraordinario aPentagram Design Partnership935013 aDiseño xHistoriaySiglo XXzGran Bretaña935014 aCrosby, Theo935015 aPentagram Design935016 2lcccB c20996d20996 00102lcc4070aBDIMFMbBDIMFMd2026-04-21l0oNK1535.P39 L58pBDIMFM000179r2026-04-21 16:13:04tEj.1w2026-04-21yB